Library Banner

Aakhiri saleebi jang (Urdu) (Record no. 41363)

MARC details
000 -LEADER
fixed length control field 00451nam a2200181Ia 4500
001 - CONTROL NUMBER
control field 43353
008 - FIXED-LENGTH DATA ELEMENTS--GENERAL INFORMATION
fixed length control field 140425s9999 xx 000 0 und d
020 ## - INTERNATIONAL STANDARD BOOK NUMBER
International Standard Book Number NA
040 ## - CATALOGING SOURCE
Transcribing agency PK-LaUMT
082 ## - DEWEY DECIMAL CLASSIFICATION NUMBER
Classification number RHC 327
Item number ABD-A
100 ## - MAIN ENTRY--PERSONAL NAME
Personal name Abdul Rashid Arshad
245 ## - TITLE STATEMENT
Title Aakhiri saleebi jang (Urdu)
Statement of responsibility, etc Abdul Rashid Arshad
260 ## - PUBLICATION, DISTRIBUTION, ETC. (IMPRINT)
Place of publication, distribution, etc Joharabad,Pakistan:
Name of publisher, distributor, etc Al-Noor Trust,
Date of publication, distribution, etc NA
300 ## - PHYSICAL DESCRIPTION
Extent 272 p.
546 ## - LANGUAGE NOTE
Language note UR
650 ## - SUBJECT ADDED ENTRY--TOPICAL TERM
Topical term or geographic name as entry element Foreign affairs
942 ## - ADDED ENTRY ELEMENTS (KOHA)
Koha item type Books
Holdings
Withdrawn status Lost status Damaged status Not for loan Home library Current library Date acquired Total Checkouts Full call number Barcode Date last seen Price effective from Koha item type
        UMT Main Campus UMT Main Campus 2014-04-25   RHC 327 ABD-A 46912 2014-05-06 2014-05-06 Books